=LDR 00000nam 2200000 4500 =001 INLIS000000001052669 =005 20240919091512 =035 ##$$a 0010-0924000208 =007 ta =008 240919###########################0###### =082 ##$$a 398.295 986 5 =084 ##$$a 398.295 986 5 ERW c =100 #$$a Erwan Husnan =245 1#$$a Cerita Rakyat Putri Cilinaye ( Untuk Pendidikan Menengah ) / Lalu Erwan Husnan =250 ##$$a 1 =260 ##$$a Mataram :$b Kantor Bahasa Nusa Tenggara Barat,$c 2017 =300 ##$$a v, 54 halaman ; $c 20 cm$e Lain-lain =650 #4$$a Cerita Rakyat - Sasak =990 ##$$a 20782078 =990 ##$$a 287/53/2024